| 000 | 00576nam a2200181 i 4500 | ||
|---|---|---|---|
| 001 | bg | ||
| 100 | 1 | _aKruszewski, Jan. | |
| 245 | 0 |
_aDrgania układów mechanicznych. _nT.2, _pZagadnienia wybrane / _cJan Kruszawski, Edmund Witbrodt, Zbigniew Walczyk. |
|
| 260 |
_aWarszawa : _bWydawnictwa Naukowo-Techniczne, _c1993. |
||
| 490 | 1 | _aWspomaganie komputerowe CAD CAM | |
| 700 | 1 | _aWittbrodt, Edmund. | |
| 700 | 1 | _aWalczyk, Zbigniew. | |
| 830 | _aWspomaganie komputerowe CAD CAM | ||
| 040 | _cBPK | ||
| 041 | _apol | ||
| 942 | _cKS | ||
| 008 | s pl f |000 0 pol | ||
| 999 |
_c6560 _d6560 |
||
| 856 |
_uhttp://koha.tu.koszalin.pl/cgi-bin/koha/opac-detail.pl?biblionumber=6560 _yKatalog online BPK |
||